| 000 | 00494cab a2200193 4500 | ||
|---|---|---|---|
| 001 | X63 | ||
| 008 | 090401t1991 xxu||||| |||| 00| 0 eng d | ||
| 035 | _a(Sirsi) u44877 | ||
| 041 | _aeng | ||
| 100 | _aBarber, J | ||
| 245 | _aOmbudsmen - what they do | ||
| 260 | _c1991 | ||
| 350 | _a0 | ||
| 490 |
_aIRRV Journal _vNovember 1991, 280-281(2) |
||
| 650 | _aLOCAL GOVERNMENT OMBUDSMAN | ||
| 690 | _aMANAGEMENT-BUSINESS MANAGEMENT-PROFESSIONAL PRACTICE | ||
| 942 | _n0 | ||
| 948 | _c04/03/1997 | ||
| 999 |
_c28519 _d28519 |
||